| 000 | 01082cam a22003257a 4500 | ||
|---|---|---|---|
| 003 | CHAP | ||
| 005 | 20220329143013.0 | ||
| 008 | 060521d1996 us r 00110 eng d | ||
| 010 | _a90514 | ||
| 011 | _a91486 | ||
| 020 | _a0891181296 | ||
| 035 | _a102045 | ||
| 040 | _cCHAP | ||
| 082 | 0 | 4 |
_a633.2 _bC48 |
| 100 | 0 | 0 |
_aChakraborty, Sukumar _eed. _921737 |
| 245 | 1 | 0 |
_aPasture and forage crop pathology : _bproceedings _c/ed. by Sukumar Chakraborty [and others] |
| 260 |
_aMadison, Wisconsin : _bAmerican Society Agronomy, _c1996. |
||
| 300 | _a653 p. | ||
| 590 |
_aBATCH-UPD _b10 _c20130110 _lUCH01 _h0422 |
||
| 590 |
_aBATCH-UPD _b10 _c20130110 _lUCH01 _h2156 |
||
| 590 |
_aCONVERSION _b10 _c20130109 _lUCH01 _h1350 |
||
| 650 | 1 | 4 |
_aPastos forrajeros _xEnfermedades. _986104 |
| 650 | 1 | 4 |
_aPastos forrajeros _xPlagas. _986115 |
| 650 | 1 | 4 |
_aPlantas forrajeras _xEnfermedades. _988960 |
| 650 | 1 | 4 |
_aPlantas forrajeras _xPlagas. _988976 |
| 901 | _aBK | ||
| 905 | _aLilia | ||
| 942 | _cLIBRO | ||
| 949 |
_a633.2 C48 _bBC _cLIBRO _d33724000973616 _eLIBRO _gI.224686 _h106128 _i102045 _sb _t$695.00 |
||
| 999 |
_c90514 _d90514 |
||